000 01321namaa2200421uu 4500
001 doab121448
003 oapen
005 20260305123953.0
006 m o d
007 cr|mn|---annan
008 231116s2024 xx |||||o ||| 0|eng d
020 _a9781003303497
020 _a9781032301143
020 _a9781032301150
040 _aoapen
_coapen
041 0 _aeng
042 _adc
072 7 _aNH
_2bicssc
072 7 _aNHB
_2bicssc
072 7 _aNHD
_2bicssc
720 1 _aTomasello, Federico
_4aut
245 0 0 _aThe Making of the Citizen-Worker
_bLabour and the Borders of Politics in Post-revolutionary France
260 _bTaylor & Francis
_c2024
300 _a1 online resource
336 _atext
_btxt
_2rdacontent
337 _acomputer
_bc
_2rdamedia
338 _aonline resource
_bcr
_2rdacarrier
506 0 _aFree-to-read
_fUnrestricted online access
_2star
520 _aHistory
540 _aAll rights reserved
_uhttp://oapen.org/content/about-rights
546 _aEnglish
650 7 _aEuropean history
_2bicssc
650 7 _aGeneral and world history
_2bicssc
650 7 _aHistory
_2bicssc
653 _aHistory
793 0 _aDOAB Library.
856 4 0 _uhttps://directory.doabooks.org/handle/20.500.12854/121448
_70
_zFree-to-read: DOAB: description of the publication
999 _c93172
_d93172